00422cam a2200169ua 450000100060000000800390000602000180004504000090006304100080007208200120008010000270009224500500011925000170016926000340018630000100022065300220023010126170331n ii |||gr||||Z||||||asm a9789381784082 cMAIN aasm a491.451 aNath, Deepen,eAuthor. aAsamiya bhashar prayogik gyancBy Deepen Nath a6th rev. ed. aJorhat:bBidya bhawan,c2017. a361p. aAssamese language